000
00469nam a2200181Ia 4500
008
090123s9999 xx 000 0 und d
082
_b
14185
_a
891.463/भावे
100
_a
भावे पु. भा.
245
_a
आग
250
_a
1
260
_b
मेनका प्रकाशन
300
_a
148
600
_a
भावे पु. भा.
630
_a
आग
700
_a
भावे पु. भा.
730
_a
आग
942
_c
BOOK
999
_c
52246
_d
52246